All Ligue 1 Teams Ever - Statistics

General Stats
  • This quiz has been taken 39 times
  • The average score is 38 of 74
Answer Stats
Team # % Correct
FC Nantes 55
91%
Olympique Lyonnais 66
91%
AS Saint-Étienne 69
89%
Lille OSC 64
89%
Montpellier HSC 42
89%
Olympique de Marseille 74
89%
Olympique Lillois 7
89%
Paris Saint-Germain FC 51
89%
Stade Rennais FC 67
89%
AS Monaco FC 65
86%
FC Girondins de Bordeaux 69
86%
OGC Nice 65
86%
Stade Brestois 29 18
86%
RC Strasbourg Alsace 63
83%
Toulouse FC 34
83%
Toulouse FC 19
83%
AJ Auxerre 33
80%
Stade de Reims 40
80%
Le Havre AC 24
77%
Paris FC 3
77%
RC Lens 62
77%
RC Paris 30
77%
AC Ajaccio 14
74%
Grenoble Foot 38 4
74%
Dijon FCO 6
71%
FC Sochaux-Montbéliard 66
71%
FC Lorient 17
69%
FC Metz 64
69%
SC Bastia 34
69%
Stade Malherbe Caen 18
69%
AS Cannes 22
66%
En Avant Guingamp 13
66%
AS Nancy Lorraine 30
63%
Clermont Foot 63 3
63%
FC Nancy 15
63%
Nîmes Olympique 40
63%
Angers SCO 31
60%
SC Toulon 12
57%
FC Rouen 19
54%
Amiens SC 3
51%
Valenciennes FC 33
51%
CS Sedan Ardennes 23
46%
Tours FC 4
46%
Le Mans FC 6
43%
Es Troyes AC 19
40%
Red Star FC 16
40%
Chamois Niortais FC 1
37%
US Boulogne 1
37%
AC Avignonnais 1
31%
LB Châteauroux 1
31%
Thonon Evian Grand Genève FC 6
31%
Limoges FC 3
29%
FC Istres 1
26%
Stade Lavallois 13
26%
AC Arles-Avignon 1
23%
FC Martigues 3
23%
FC Mulhouse 6
23%
FC Sète 34 16
23%
Gazélec Ajaccio 1
23%
CO Roubaix-Tourcoing 10
17%
AS Béziers Hérault 1
14%
FC Antibes 7
14%
FC Gueugnon 1
14%
Olympique Alès 6
14%
Angoulême Charente FC 3
11%
Pays d'Aix FC 1
11%
RC Roubaix 3
11%
Excelsior AC 7
9%
Hyères FC 1
9%
SR Colmar 1
9%
Stade Français 15
6%
CA Paris-Charenton 2
3%
Club Français 1
3%
SC Fives 7
3%
No matching quizzes found
Score Distribution
Percent of People with Each Score
Percentile by Number Answered
Your Score History
You have not taken this quiz